35 rappeurs US - Statistiques

Statistiques générales
  • Ce quiz a été pris 718 fois
    544 depuis la dernière actualisation
  • Le résultat moyen est 19 sur 35
Statistiques - réponses
Par images Réponse % Correct
Drake
94%
Eminem
93%
Tupac Shakur
93%
50 cent
92%
Travis Scott
92%
Kanye West
91%
XXXTentacion
90%
Snoop Dogg
87%
Kendrick Lamar
85%
Jay-Z
84%
The Notorious B.I.G
80%
Future
78%
Lil Uzi Vert
78%
Tyler the creator
78%
21 Savage
76%
Dr.Dre
73%
Mac Miller
73%
J. Cole
72%
Off set
66%
Ice cube
65%
Playboi Carti
56%
MF DOOM
54%
Megan Thee Stallion
43%
Coolio
29%
Logic
25%
Denzel curry
23%
Ja Rule
7%
Lil Bow wow
5%
Eve
4%
Foxy Brown
3%
Ghostemane
3%
Lisa Lopes
2%
Mase
2%
Tech N9ne
2%
Pras
1%
Aucun quiz correspondant
Distribution des résultats
% des personnes avec chaque résultat
Percentile par nombre de réponses
Votre historique - résultats
Vous n’avez pas pris ce quiz depuis la dernière actualisation